Catálogo de escultura y muebles del 'Cau Ferrat' (Fundación Rusiñol), Sitges
Descripción Física:
82 p., 2 f. pleg. ; 18 p. de làm. ; 17 cm
MARC
| LEADER | 00000nam a2200000Ia 4500 | ||
|---|---|---|---|
| 001 | 11834 | ||
| 008 | 160829s1946 xx 000 0 cat d | ||
| 080 | |a B-1-260 | ||
| 245 | |a Catálogo de escultura y muebles del 'Cau Ferrat' (Fundación Rusiñol), Sitges | ||
| 260 | |a Barcelona : |b (Casa Provincial de Caridad, Imprenta - Escuela), |c 1946 | ||
| 300 | |a 82 p., 2 f. pleg. ; |c 18 p. de làm. ; |c 17 cm | ||
| 490 | |a Publicaciones de la Junta de Museos de Barcelona | ||
| 590 | |a A la part superior de la portada: Diputación Provincial de Barcelona. | ||
| 590 | |a Índex | ||
| 650 | |a Cau Ferrat (Museu) |x Catàlegs |9 28469 | ||
| 650 | |a Escultura |x Sitges |x Catàlegs |9 36660 | ||
| 650 | |a Mobles |x Sitges |x Catàlegs |9 36661 | ||
| 710 | 1 | |a Barcelona (Catalunya : Província). |b Diputació |9 52408 | |
| 710 | 2 | |a Junta de Museus de Barcelona |9 54561 | |
| 901 | |a Arxiu | ||
| 942 | |n 1 | ||
| 952 | |0 0 |1 0 |4 0 |6 B1260 |7 1 |9 47415 |a Arxiu |b Arxiu |d 2016-12-01 |l 0 |o B-1-260 |p 11834 |r 2016-12-01 00:00:00 |w 2016-12-01 |y ARXIU | ||
| 999 | |c 51213 |d 51213 | ||